| 000 | 00692nam a2200265Ia 4500 | ||
|---|---|---|---|
| 001 | 18346 | ||
| 003 | GE_BSU | ||
| 008 | 181216s||||||||xx |||||||||||||| ||und|| | ||
| 020 | _a9783468496639 | ||
| 040 | _cGE_BSU | ||
| 080 | _a811.112 | ||
| 100 | _aWesthoff,Gerard | ||
| 245 | _aFertigkeit Lesen: Fernstudieneinheit 17 | ||
| 245 | _bFernstudieneinheit 17 | ||
| 260 | _aBerlin | ||
| 260 | _bLangenscheidt | ||
| 260 | _c1997 | ||
| 300 | _a175p. 30cm. | ||
| 541 | _h74 Gel. | ||
| 653 | _aDeutsch als Fremdsprache | ||
| 653 | _aFernstudienangebot,Germanistik. | ||
| 653 | _aFertigkeit Horen: Fernstudieneinheit 17 | ||
| 653 | _aგერმანული ენა | ||
| 942 | _cBK | ||
| 999 |
_c51364 _d51364 |
||